000 00639nam a2200181 a 4500
008 111130s1991 ||||||||||||||||| || u
020 _a0801663628
050 _aRJ 245 Won
100 _aWong, Donna L
245 1 0 _aPediatric quick reference
_cby Donna L. Wong
260 _aSt Louis, Missouri:
_bMosby
_c1991
300 _av, 58p.: ill.
350 _a0.00
650 _aPAEDIATRICS
650 _aPEDIATRIC NURSING--HANDBOOKS, MANUALS, ETC
650 _aPEDIATRIC--NURSING
995 _aREFERENCE BOOKS
_D0.00
_e901521
_FCBU-SCHOOL OF MEDICINE LIBRARY (Ndola)
_H1
_I0.00
_jRJ 245 Won
_M1
_UREFERENCE
_WNov 30, 2011
_y901521
_ZReference Collection
999 _c32338
_d32338